000 00742nam a2200229Ia 4500
001 15827
003 GE_BSU
008 181216s||||||||xx |||||||||||||| ||und||
040 _cGE_BSU
080 _a821.353.1-32
100 _aჩხიკვაძე, პანტელეიმონ
245 _aრომანტიული ამბავი
245 _bმოთხრობები
245 _cრედ.გ.ლაბაძე. მხ.ტ.შეყილაძე
260 _aთბილისი
260 _bნაკადული
260 _c1971
300 _a113გვ. ; 16სმ
653 _aმოთხრობები
653 _aრომანტიული ამბავი
942 _cBK
999 _c48924
_d48924